Rice culture in Japan
This book introduce about origin and development of rice cultivation in Japan. Position of rice cultivation in the agriculture, rice and food in Japan. Ecological rice crop geography in Japan. Development of rice growing technique.
Đã lưu trong:
| 主要作者: | |
|---|---|
| 格式: | 圖書 |
| 語言: | Undetermined |
| 出版: |
Tokyo
Yokendo
1955
|
| 主題: | |
| 標簽: |
添加標簽
沒有標簽, 成為第一個標記此記錄!
|
| Thư viện lưu trữ: | Trung tâm Học liệu Trường Đại học Cần Thơ |
|---|
| LEADER | 00736nam a2200205Ia 4500 | ||
|---|---|---|---|
| 001 | CTU_227673 | ||
| 008 | 210402s9999 xx 000 0 und d | ||
| 082 | |a 633.18 | ||
| 082 | |b M434 | ||
| 100 | |a Matsuo, Takane | ||
| 245 | 0 | |a Rice culture in Japan | |
| 245 | 0 | |c Takane Matsuo | |
| 260 | |a Tokyo | ||
| 260 | |b Yokendo | ||
| 260 | |c 1955 | ||
| 520 | |a This book introduce about origin and development of rice cultivation in Japan. Position of rice cultivation in the agriculture, rice and food in Japan. Ecological rice crop geography in Japan. Development of rice growing technique. | ||
| 650 | |a Cây lúa,Rice | ||
| 650 | |z Nhật Bản,Japan | ||
| 910 | |b dqhieu | ||
| 980 | |a Trung tâm Học liệu Trường Đại học Cần Thơ | ||